| 000 | 00588nam a2200205Ia 4500 | ||
|---|---|---|---|
| 008 | 131103s9999 xx 000 0 und d | ||
| 020 | _aSBN 43510750 1 | ||
| 040 | _aLoreto College | ||
| 041 | _aEnglish | ||
| 082 |
_a808.1/MIL _bLCLIB/18370 |
||
| 100 | _aMillar,Robert | ||
| 245 | 4 |
_aThe language of poetry _cBy Robert Millar and Ian Currie |
|
| 260 |
_aLondon _bHeinemann Educational Books Ltd _c1970 |
||
| 300 |
_avii, 120 p. _c 21 cm. |
||
| 650 | _aLiterature - | ||
| 651 | _aPoetry criticism - Rhetoric - | ||
| 700 | _aCurrie,Ian | ||
| 850 | _aLCLIB/808.1/MIL | ||
| 942 | _cBK | ||
| 999 |
_c715 _d51194 |
||